| 000 | 00881nam a2200265 4500 | ||
|---|---|---|---|
| 001 | 173374 | ||
| 003 | ES-MaACL | ||
| 005 | 20231228063256.0 | ||
| 008 | 091127s1979 sp |||| | cat d | ||
| 017 | _aB 35994-1979 | ||
| 020 | _a84-297-1538-X | ||
| 080 | _a821.134.1-2"18" | ||
| 100 | 1 |
_aGuimerá, Ángel, _d1845-1924 _960844 |
|
| 245 | 1 | 0 |
_aTeatre / _c[per] Ángel Guimerá. |
| 260 |
_aBarcelona : _bEdic. 62, _c1979. |
||
| 300 |
_a221 p., 1 h. ; _c19 cm. |
||
| 490 | 1 |
_aLes millors obres de la literatura catalana ; _v26 |
|
| 505 | 8 | _aContiene: Mar i cel ; Terra baixa ; La Filla del mar. | |
| 740 | 0 | _aMar i cel. | |
| 740 | 0 | _aTerra baixa. | |
| 740 | 3 | _aLa filla del mar. | |
| 830 | 0 |
_aLes millors obres de la literatura catalana ; _v26 _9181455 |
|
| 852 | 4 |
_aES-MaACL _jE- 13250 . - _zBiblioteca Jacinto Martínez Lacalle |
|
| 999 |
_c173374 _d173374 |
||